[Event "Bunratty Masters 2016"]
[Site "Bunratty IRL"]
[Date "2016.02.21"]
[Round "6.19"]
[White "Larisch, Rolf"]
[Black "Spirek, Adam"]
[Result "1-0"]
[WhiteElo "2155"]
[BlackElo "2076"]
[BlackICU "1958"]
[BlackClub "Cavan"]
[WhiteNationality "GER"]
[BlackNationality "CZE"]
[WhiteFideId "12976350"]
[BlackFideId "310832"]
[PlyCount "35"]
[EventDate "2016.02.19"]
[Source "TWIC 1112"]
[BlackFullName "&Scaron;p&iacute;rek, Adam"]

{ Source: TWIC 1112. } { Reference: <a
href="http://www.irlchess.com/bunratty2016_allfiles/pairings_bunratty2016.html">Tournament
report</a>. }

1. d4 Nf6 2. Nf3 c5 3. d5 b5 4. a4 b4 5. g3 e6 6. dxe6 fxe6 7. Bg2 d5 8.
O-O Nc6 9. Nbd2 Ba6 10. Re1 e5 11. c4 bxc3 12. bxc3 e4 13. Ng5 Ng4 14. Ne6
Qf6 15. Nc7+ Kf7 16. Nxe4 dxe4 17. Qd5+ Kg6 18. Bxe4+ 1-0

[Event "Bunratty Masters 2016"]
[Site "Bunratty IRL"]
[Date "2016.02.21"]
[Round "6.20"]
[White "Li, Henry"]
[Black "Cafolla, Peter"]
[Result "1-0"]
[WhiteElo "1929"]
[BlackElo "1990"]
[WhiteICU "2016"]
[BlackICU "1984"]
[WhiteClub "Gonzaga"]
[BlackClub "Curragh"]
[WhiteNationality "IRL"]
[BlackNationality "IRL"]
[WhiteFideId "2508524"]
[BlackFideId "2500884"]
[PlyCount "89"]
[EventDate "2016.02.19"]
[Source "TWIC 1112"]

{ Source: TWIC 1112. } { Reference: <a
href="http://www.irlchess.com/bunratty2016_allfiles/pairings_bunratty2016.html">Tournament
report</a>. }

1. e4 c5 2. Nc3 e6 3. f4 d5 4. Nf3 d4 5. Bb5+ Nd7 6. Ne2 Nf6 7. d3 Qa5+ 8.
Bd2 Qxb5 9. a4 Qc6 10. O-O Be7 11. h3 h5 12. Qe1 Nxe4 13. dxe4 Qxe4 14. Qd1
b6 15. Re1 Qc6 16. a5 a6 17. axb6 Bb7 18. Kh1 O-O-O 19. Neg1 Nf6 20. Qe2
Bd6 21. Ng5 Rd7 22. N1f3 Qxb6 23. Ne5 Bxe5 24. fxe5 Nd5 25. Ne4 Qc6 26. Ra5
Nc7 27. Nxc5 Rd5 28. Nxb7 Kxb7 29. Rea1 Rxa5 30. Bxa5 Qb5 31. Qf3+ Qc6 32.
Qxf7 Qxc2 33. Ra4 Rc8 34. Rxd4 Ka8 35. Bc3 g5 36. Qd7 Kb8 37. Rb4+ Nb5 38.
Qxe6 Kb7 39. Qd5+ Rc6 40. e6 g4 41. e7 Qb1+ 42. Kh2 Qg6 43. Qd7+ Rc7 44.
Rxb5+ axb5 45. Qxb5+ 1-0

[Event "Bunratty Masters 2016"]
[Site "Bunratty IRL"]
[Date "2016.02.21"]
[Round "6.21"]
[White "Salsac, Eric"]
[Black "McMorrow, John"]
[Result "1/2-1/2"]
[WhiteElo "1972"]
[BlackElo "1971"]
[WhiteICU "1861"]
[BlackICU "1829"]
[BlackClub "Gonzaga"]
[WhiteNationality "IRL"]
[BlackNationality "IRL"]
[WhiteFideId "15600211"]
[BlackFideId "2501481"]
[PlyCount "117"]
[EventDate "2016.02.19"]
[Source "TWIC 1112"]

{ Source: TWIC 1112. } { Reference: <a
href="http://www.irlchess.com/bunratty2016_allfiles/pairings_bunratty2016.html">Tournament
report</a>. }

1. e4 e5 2. Nf3 Nc6 3. Bb5 a6 4. Ba4 Nf6 5. O-O b5 6. Bb3 Bc5 7. c3 d6 8.
Re1 O-O 9. h3 Bb7 10. d3 h6 11. Be3 Bxe3 12. fxe3 Re8 13. a4 b4 14. c4 a5
15. Nbd2 Nb8 16. Bc2 Nbd7 17. d4 Nf8 18. b3 Ng6 19. d5 Nd7 20. Rf1 Nc5 21.
Ne1 Rf8 22. Nd3 Qg5 23. Qe2 Nxd3 24. Bxd3 Bc8 25. Kh1 Nh4 26. Nf3 Qh5 27.
Nxh4 Qxh4 28. Qf2 Qxf2 29. Rxf2 Ba6 30. Rc1 Rac8 31. Be2 f6 32. Bg4 Rcd8
33. Bf5 Bc8 34. c5 Bxf5 35. exf5 e4 36. Rfc2 Rf7 37. cxd6 Rxd6 38. Rc5 Rfd7
39. Rxa5 Rxd5 40. Rxd5 Rxd5 41. Rc4 c5 42. a5 Rxf5 43. a6 Rf1+ 44. Kh2 Ra1
45. Rxc5 Rxa6 46. Rb5 Rd6 47. Rxb4 Rd3 48. Rxe4 Rxb3 49. Kg3 Kf7 50. Kf3
Rb1 51. Kg3 h5 52. Rd4 Rb3 53. Kf3 g5 54. g3 Rb1 55. Rd2 Kg6 56. h4 g4+ 57.
Kf4 Rf1+ 58. Ke4 Rf3 59. Rg2 1/2-1/2